[Event "Nancy-B"]
[Site "?"]
[Date "2014.03.06"]
[Round "4"]
[White "Geller, J."]
[Black "Nass, E."]
[Result "1-0"]
[WhiteElo "2548"]
[BlackElo "2233"]
[Annotator "SR"]
[PlyCount "105"]
[EventDate "2014.03.05"]
[SourceDate "2014.03.07"]

1. e4 e6 2. d4 d5 3. Nc3 Nf6 4. Bg5 Bb4 5. e5 h6 6. Bc1 Ne4 7. Qg4 Kf8 8. a3
Bxc3+ 9. bxc3 c5 10. Bd3 Qa5 11. Ne2 cxd4 12. O-O Nc5 13. cxd4 Nxd3 14. cxd3
Nc6 15. a4 Kg8 16. Ng3 Ne7 17. Nh5 Ng6 18. h4 b5 19. Nxg7 Kxg7 20. h5 b4 21.
hxg6 fxg6 22. Qh4 Qc7 23. Qf6+ Kg8 24. Bd2 a5 25. Qxg6+ Qg7 26. Qh5 Ba6 27.
Rfe1 Bxd3 28. Re3 Bg6 29. Qh4 Rc8 30. Rg3 Rc2 31. Rd1 Kf7 32. Re1 Ke8 (32...
Rxd2 $2 33. Qf4+) 33. Qg4 Kd7 34. Qxg6 Qxg6 35. Rxg6 Rxd2 36. Rg7+ Kc6 37. Rc1+
Kb6 38. Re7 Rxd4 39. Rxe6+ Kb7 40. Rc5 b3 41. Rb5+ Kc7 42. Rxb3 Rxa4 43. Rb5
Rd8 44. Rc5+ Kb7 45. Rd6 Rf8 46. Rcxd5 Re4 (46... Ra1+ 47. Kh2 Rxf2 {avec de
bonnes chances de nulle.}) 47. Rxa5 (47. Rb5+ Kc7 48. Rc5+ Kb7 49. f3 $18)
47... Re1+ 48. Kh2 Rxf2 49. Rxh6 Ree2 50. Rg6 Rf5 51. Kh3 Rexe5 52. Rxe5 Rxe5
53. Rd6 {Le Roi noir est coupé et ne peut revenir défendre à temps.} 1-0

[Event "Nancy-B"]
[Site "?"]
[Date "2014.03.06"]
[Round "4"]
[White "Camacho Collados, J."]
[Black "Adrian, C."]
[Result "1-0"]
[WhiteElo "2393"]
[BlackElo "2239"]
[PlyCount "73"]
[EventDate "2014.03.05"]
[SourceDate "2014.03.07"]

1. Nf3 c5 2. b3 d5 3. e4 e6 4. Bb2 dxe4 5. Ne5 Nf6 6. Bb5+ Nbd7 7. Qe2 Be7 8.
Nc3 O-O 9. Bxd7 Bxd7 10. Nxe4 Nxe4 11. Qxe4 f6 12. Nxd7 Qxd7 13. O-O-O Rac8 14.
d4 c4 15. Kb1 f5 16. Qe2 Qd5 17. Rhe1 Rf6 18. Qf1 Rg6 19. Re5 cxb3 20. axb3 Qc6
21. Qe2 Bf8 22. f3 Qd7 23. d5 exd5 24. Rdxd5 Rd6 25. Rxd6 Bxd6 26. Qd3 Qc7 27.
Rd5 Bb4 28. Qxf5 Rd8 29. Qe6+ Kh8 30. Rxd8+ Qxd8 31. Qf7 Qc8 32. h4 h6 33. g4
Kh7 34. g5 a5 35. f4 a4 36. bxa4 Qc5 37. f5 1-0

[Event "Nancy-B"]
[Site "?"]
[Date "2014.03.06"]
[Round "4"]
[White "Barbot, P."]
[Black "Ider, B."]
[Result "1/2-1/2"]
[WhiteElo "2413"]
[BlackElo "2379"]
[Annotator "SR"]
[PlyCount "160"]
[EventDate "2014.03.05"]
[SourceDate "2014.03.07"]

1. e4 e6 2. d4 d5 3. Nd2 h6 4. Bd3 c5 5. dxc5 Bxc5 6. Ngf3 Nf6 7. Qe2 Nc6 8. a3
O-O 9. O-O Qc7 10. exd5 exd5 11. b4 Nd4 12. Qd1 Bb6 13. h3 Nxf3+ 14. Nxf3 Bxh3
{Diagramme.} (14... Qg3 15. Kh1 Bxf2 $15) 15. gxh3 Qg3+ 16. Kh1 Qxh3+ 17. Nh2
Bc7 18. f4 Nh5 19. Qf3 Ng3+ 20. Kg1 Rae8 21. Bb2 Bb6+ 22. Rf2 Bxf2+ 23. Qxf2
Ne4 24. Qf3 Qxf3 25. Nxf3 f5 26. Kg2 Re6 27. Ne5 g5 28. c4 d4 29. c5 Kh7 30.
Bxd4 gxf4 (30... Rd8 31. Bc4 Re7 32. Be3 $14) 31. Bc4 $6 Re7 32. Nf3 Rd8 33.
Be5 Rd2+ $6 (33... a5) 34. Nxd2 Nxd2 35. Bf6 f3+ 36. Kh2 Re3 37. Bf1 Kg6 38.
Bd4 Re4 39. Bf2 Rg4 40. b5 Kf6 41. c6 bxc6 42. bxc6 Nxf1+ 43. Rxf1 Rc4 44. Bxa7
Rxc6 45. Rxf3 Rc4 46. Be3 h5 47. Bf4 Re4 48. Kg3 Re1 49. Bd2 Re2 50. Rd3 Re4
51. Bc3+ Kg5 52. Bd2+ Kf6 53. Bf4 Rc4 54. Rd6+ Kf7 55. Rd3 {Il n'est pas
facile de progresser pour les Blancs.} Kf6 56. Rb3 Ke6 57. Kf3 Kd5 58. Be3 Ra4
59. Rc3 Rc4 60. Rb3 Ra4 61. Bd2 Rd4 62. Bb4 h4 63. a4 $2 (63. Rb1 {donnait
encore des chances même s'il n'y a toujours rien de simple après} Rg4) 63...
Rg4 $1 {Le fort coup qui annule.} 64. Rb1 h3 65. a5 h2 66. Rh1 Rxb4 67. Rxh2
Ra4 68. Rh5 Ke5 69. Rh8 Ra3+ 70. Kf2 Rxa5 71. Rb8 Ra4 72. Rb3 Kf4 73. Kf1 Ra2
74. Rc3 Rb2 75. Ra3 {La nulle de Philidor.} Kg4 76. Rc3 f4 77. Ra3 Rb1+ 78. Kf2
Rb2+ 79. Kf1 Rb1+ 80. Kf2 Rb2+ 1/2-1/2

[Event "Nancy-A"]
[Site "?"]
[Date "2014.03.07"]
[Round "5"]
[White "Donchenko, A."]
[Black "Bukavshin, I."]
[Result "1/2-1/2"]
[WhiteElo "2593"]
[BlackElo "2463"]
[PlyCount "67"]
[EventDate "2014.03.05"]
[SourceDate "2014.03.07"]

1. d4 Nf6 2. c4 e6 3. g3 d5 4. Nf3 dxc4 5. Bg2 Bb4+ 6. Bd2 a5 7. O-O O-O 8. Bg5
b5 9. a4 bxa4 10. Ne5 Ra7 11. Nxc4 Ba6 12. Nba3 h6 13. Be3 Nd5 14. Qxa4 Qd7 15.
Qxd7 Nxd7 16. Rfc1 Rb8 17. Kf1 c5 18. dxc5 Nxe3+ 19. Nxe3 Bxc5 $2 (19... Nxc5
$1 20. Rc2 Rd7 21. Nac4 Bxc4 22. Nxc4 Nb3 $17) 20. Rc2 Bxa3 21. Rxa3 Bb7 22.
Bxb7 Raxb7 23. Rxa5 Rxb2 24. Rxb2 Rxb2 25. Ra8+ Rb8 26. Rxb8+ Nxb8 27. Nc4 Nc6
28. Kg2 Kf8 29. e3 g6 30. Kf3 Ke7 31. Kg2 Kf8 32. Kf3 Ke7 33. Kg2 Kf8 34. Kf3
1/2-1/2

[Event "Nancy-A"]
[Site "?"]
[Date "2014.03.07"]
[Round "5"]
[White "Genzling, A."]
[Black "Demuth, A."]
[Result "0-1"]
[WhiteElo "2405"]
[BlackElo "2488"]
[Annotator "SR"]
[PlyCount "92"]
[EventDate "2014.03.05"]
[SourceDate "2014.03.07"]

1. e4 c5 2. Nf3 d6 3. Bb5+ Nd7 4. d4 cxd4 5. Qxd4 a6 6. Bxd7+ Bxd7 7. O-O e5 8.
Qd3 h6 9. c4 b5 10. Na3 Qb8 11. Re1 Nf6 12. Bd2 b4 13. Nc2 a5 14. Be3 Be7 15.
h3 O-O 16. Nd2 Qb7 17. f4 Bc6 18. Bf2 exf4 19. Nd4 Nd7 20. b3 Bf6 21. Rad1 Rad8
22. Qc2 Bxd4 23. Bxd4 Nc5 24. Re2 Rfe8 25. Rde1 f6 26. Bxc5 dxc5 27. Nf3 Re6
28. Qc1 Rxe4 29. Rxe4 Bxe4 30. Qxf4 Bxf3 31. gxf3 Qd7 32. Qg3 Kf7 33. Re2 Qf5
34. Kg2 Qg5 35. Qxg5 hxg5 36. Kf2 Rd3 37. Rc2 Rd4 38. Ke3 Rh4 39. Rd2 Rxh3 40.
Ke4 Ke6 41. Rd5 f5+ 42. Ke3 (42. Rxf5 Rh4+ 43. f4 Rxf4+ 44. Rxf4 gxf4 $19)
42... g4 43. Rxc5 Rxf3+ 44. Ke2 Rc3 45. Rxa5 g3 46. Rb5 f4 0-1

[Event "Nancy-A"]
[Site "?"]
[Date "2014.03.07"]
[Round "5"]
[White "Brunner, N."]
[Black "Istratescu, A."]
[Result "0-1"]
[WhiteElo "2449"]
[BlackElo "2672"]
[Annotator "SRavot"]
[PlyCount "104"]
[EventDate "2014.03.05"]
[SourceDate "2014.03.07"]

1. d4 e6 2. c4 d5 3. Nc3 c6 4. e3 f5 5. f4 Nf6 6. Nf3 Bd6 7. Be2 O-O 8. O-O b6
9. b3 Bb7 10. Bb2 Nbd7 11. Ne5 Qe7 12. Qc2 Rac8 13. Rac1 Bb4 14. a3 Bxc3 15.
Bxc3 Nxe5 16. fxe5 Ne4 17. cxd5 cxd5 18. Qb2 Rxc3 19. Rxc3 Nxc3 20. Qxc3 Rc8
21. Qb2 Qc7 {La domination de la seule colonne ouverte confère l'avantage aux
Noirs, malgré leur mauvais Fou.} 22. Kf2 Kf7 23. Rd1 Qc3 24. Qxc3 Rxc3 25. Rd3
Rc7 26. Ke1 Ba6 27. Rd1 Bxe2 28. Kxe2 Kg6 29. Kd3 {Chaque camp a obtenu
quelque chose : les Noirs ont échangé les Fous, les Blancs ont empêché
l'entrée de la Tour noire.} b5 30. b4 Rc6 31. Ra1 Kg5 32. Kd2 Kg4 33. Rf1 Ra6
34. Rc1 f4 35. Rc7 $6 (35. Rc3 {semble solide.}) 35... fxe3+ 36. Kxe3 (36. Ke2
$2 Kf4 $19) 36... Rxa3+ 37. Ke2 g5 38. Rxh7 {Les Blancs ont récupéré le pion
mais l'activité des pièces noires leur procure un avantage intéressant.} Kf5
39. Rh6 Rb3 40. Rf6+ Ke4 41. Rxe6 Rxb4 42. Ra6 Kxd4 43. e6 Kc5 44. Kf3 $2 {
Perd la partie.} (44. Rxa7 Re4+ 45. Kd3 {était le bon emplacement pour le Roi,
afin de freiner les pions noirs.} Rxe6 46. Rg7 {avec quelques chances de nulle.
}) 44... Re4 {La Tour est toujours la mieux placée derrière le pion passé.} 45.
Rxa7 Rxe6 {Les pions noirs ont trop d'avance.} 46. Kg4 b4 47. Kxg5 b3 48. Ra1
Re2 49. g4 b2 50. Rb1 Rxh2 51. Kf4 Kb4 52. Ke5 Rg2 0-1

[Event "Nancy-A"]
[Site "?"]
[Date "2014.03.07"]
[Round "5"]
[White "Rindlisbacher, L."]
[Black "Sochacki, C."]
[Result "0-1"]
[WhiteElo "2320"]
[BlackElo "2436"]
[Annotator "SR"]
[PlyCount "64"]
[EventDate "2014.03.05"]
[SourceDate "2014.03.07"]

1. e4 g6 2. d4 Nf6 3. Nc3 (3. e5 Nh5 {a été essayé par Carlsen contre Adams
aux Olympiades.}) 3... d5 (3... d6 {défense Pirc.}) 4. e5 Ne4 5. Nce2 f6 6. f3
Ng5 7. Bxg5 fxg5 8. Qd2 e6 9. Nh3 Be7 10. f4 gxf4 11. Nexf4 c5 12. Bd3 cxd4 13.
O-O Nc6 14. c4 $2 dxc3 15. bxc3 Bd7 16. c4 Qb6+ 17. Kh1 d4 18. Rab1 Qc7 19.
Rfc1 ({Meilleur est} 19. Be4) 19... O-O 20. Bxg6 hxg6 21. Nxg6 Rf7 22. Rb3 Nxe5
{Les Blancs n'ont pas assez de compensations.} 23. Nxe7+ Rxe7 24. Rg3+ Rg7 25.
Rxg7+ Kxg7 26. Qf4 Rf8 27. Qg3+ Kf7 $1 28. Re1 d3 $1 29. Rxe5 d2 30. Nf2 Ke8 {
Les Noirs sont gagnants. Ce coup de Roi offre une conclusion élégante.} 31.
Rxe6+ Bxe6 32. Qxc7 d1=Q+ 0-1

[Event "Nancy-A"]
[Site "?"]
[Date "2014.03.07"]
[Round "5"]
[White "Nezar, M."]
[Black "Solodovnichenko, Y."]
[Result "0-1"]
[WhiteElo "2392"]
[BlackElo "2586"]
[Annotator "SR"]
[PlyCount "72"]
[EventDate "2014.03.05"]
[SourceDate "2014.03.07"]

1. e4 c5 2. Nf3 d6 3. Bb5+ Nd7 4. d4 Ngf6 5. Nc3 a6 6. Bxd7+ Nxd7 7. O-O e6 8.
d5 e5 9. a4 g6 10. Nd2 Bg7 11. a5 b5 12. axb6 Nxb6 13. Nb3 O-O 14. Na5 Bd7 15.
Qe2 Nc8 16. Bd2 f5 17. Ra2 f4 {Le Jeu prend une tournure d'Est-indienne : les
Blancs dominent l'aile Dame tandis que les Noirs vont se concentrer sur une
attaque à l'aile Roi.} 18. f3 g5 19. Rfa1 g4 20. Nc6 Qg5 21. Rxa6 Rxa6 22. Rxa6
Rf6 23. Ra8 Bf8 24. fxg4 Bxg4 25. Qf2 Rg6 {Les pièces noires à l'attaque sont
menaçantes.} 26. Kf1 Nb6 27. Rb8 Nc4 28. Bc1 Rh6 29. g3 (29. h3 Bxh3 30. gxh3
Rxh3 31. Qg2 Rg3 32. Qh1 {et avantage blanc après ce coup d'ordinateur !})
29... Qg7 30. b3 Ne3+ 31. Ke1 fxg3 {gagne} 32. hxg3 Rh1+ 33. Kd2 Rh2 {
Diagramme.} 34. Kxe3 Rxf2 35. Kxf2 Qf7+ 36. Ke1 Qf3 0-1

[Event "Nancy-B"]
[Site "?"]
[Date "2014.03.07"]
[Round "5"]
[White "Nass, E."]
[Black "Bellahcene, B."]
[Result "0-1"]
[WhiteElo "2233"]
[BlackElo "2284"]
[Annotator "SR"]
[PlyCount "80"]
[EventDate "2014.03.05"]
[SourceDate "2014.03.07"]

1. Nf3 Nf6 2. c4 c5 3. Nc3 Nc6 4. g3 d5 5. d4 e6 6. cxd5 Nxd5 7. Bg2 Nxc3 8.
bxc3 Be7 9. O-O O-O 10. e4 b6 11. d5 Na5 12. Qc2 exd5 13. Rd1 g6 14. Rxd5 Qc7
15. Bf4 Qb7 {Les Noirs n'ont pas très bien réussi leur début.} 16. Bh6 Re8 17.
Ng5 Bd7 18. e5 Bc6 19. Rad1 Rad8 20. c4 Qc8 $2 (20... Bxd5 21. cxd5 {est peu
agréable pour les Noirs.}) 21. Bh3 Qc7 22. e6 $2 ({Les Blancs disposaient du
difficile} 22. Nxf7 $1 Kxf7 23. Qc3 $1 {la pointe ! Les Noirs ne peuvent pas
défendre. Par exemple :} Bf8 24. Qf3+ Kg8 25. Be6+ $1 Kh8 26. Qf6+ Bg7 27. Rxd8
$1 Bxf6 28. exf6 {gagne. Une superbe variante !}) 22... Bxg5 23. Bxg5 Bxd5 24.
cxd5 Qe5 25. exf7+ Kxf7 26. Be6+ Kg7 27. Bxd8 Rxd8 28. Qc1 Qf6 29. Re1 Nb7 {Un
replacement fondamental ! Le Cavalier va bloquer le pion passé depuis la case
d6, et cesser de servir de décoration en a5.} 30. Re4 Nd6 31. Rf4 Qe5 32. Qa3
a5 33. Qf3 $2 (33. Qb3 $16 {et les Noirs sont en grande difficulté.}) 33... c4
{maintenant la position s'est équilibrée.} 34. h4 c3 35. Rf7+ $2 {La faute
décisive.} (35. Qd3 $11) 35... Nxf7 36. Qxf7+ Kh8 37. Qe7 Rg8 38. Qf7 Rb8 39.
d6 c2 40. Qc7 Rf8 0-1

[Event "Nancy-B"]
[Site "?"]
[Date "2014.03.07"]
[Round "5"]
[White "Ider, B."]
[Black "Ninov, N."]
[Result "1/2-1/2"]
[WhiteElo "2379"]
[BlackElo "2472"]
[Annotator "SR"]
[PlyCount "108"]
[EventDate "2014.03.05"]
[SourceDate "2014.03.07"]

1. d4 Nf6 2. c4 e6 3. Nf3 d5 4. g3 dxc4 5. Bg2 Bd7 6. Ne5 Bc6 7. Nxc6 Nxc6 8.
O-O Qd7 9. e3 Rb8 10. Qe2 b5 11. b3 Na5 (11... cxb3 12. axb3 Rb6 13. Bb2 a6 14.
e4 Nxd4 15. Bxd4 Qxd4 16. Rxa6 Rxa6 17. Qxb5+ Nd7 18. Qxa6 Be7 19. Qa8+ Bd8 20.
Bf3 Qd3 21. Kg2 Ne5 22. Bh5 O-O 23. Rd1 Be7 24. Qxf8+ Kxf8 25. Rxd3 Nxd3 {1/
2-1/2 Beliavsky,A (2655)-Karpov,A (2725)/Moscow 1988/URS-ch (67)}) 12. Bd2 b4
13. a3 Nxb3 14. Qxc4 Nxd2 15. Nxd2 Nd5 16. axb4 Bxb4 17. Nb3 Qb5 18. Qxb5+ Rxb5
19. Rxa7 Kd7 20. Rc1 Bd6 21. Nd2 Rhb8 22. e4 Rb2 23. Nf1 Ne7 24. e5 Bb4 25.
Rcxc7+ Kd8 26. Be4 Nc8 27. Rd7+ Ke8 28. Rab7 Rxb7 29. Rxb7 Ne7 30. Bd3 g6 31.
Rb8+ Kd7 32. Bb5+ Kc7 33. Rf8 Nf5 34. Rxf7+ Kb6 35. Bc4 Be1 36. Bxe6 Bxf2+ 37.
Kh1 Nxd4 38. Bh3 Re2 39. e6 Be1 40. e7 Nc6 41. e8=Q Rxe8 42. Rxh7 Re2 43. Rd7
Bb4 44. Bg2 Ne5 45. Rd4 Bc5 46. Rf4 Kc7 47. h4 Kd6 48. Kh2 Rf2 49. Kh3 Rxf4 50.
gxf4 Nd3 51. Kg4 Bf2 52. Be4 Nxf4 53. Kxf4 Bxh4 54. Bxg6 Bf6 1/2-1/2

[Event "Nancy-B"]
[Site "?"]
[Date "2014.03.07"]
[Round "5"]
[White "Le Corre, B."]
[Black "Camacho Collados, J."]
[Result "1-0"]
[WhiteElo "2271"]
[BlackElo "2393"]
[PlyCount "121"]
[EventDate "2014.03.05"]
[SourceDate "2014.03.07"]

1. e4 c5 2. Nf3 Nc6 3. d4 cxd4 4. Nxd4 Nf6 5. Nc3 e6 6. Ndb5 Bc5 7. Bf4 O-O 8.
Bc7 Qe7 9. Bd6 Bxd6 10. Qxd6 Ne8 11. Qxe7 Nxe7 12. O-O-O f5 13. Nd6 Nxd6 14.
Rxd6 fxe4 15. Nxe4 Nf5 16. Rd2 d5 17. Ng5 b6 18. Nf3 Nd6 19. Bd3 Bd7 20. Re1
Rae8 21. b3 Bb5 22. Bxb5 Nxb5 23. Kb2 Nd6 24. Ng5 Rf6 25. Rde2 Ne4 26. Nxe4
dxe4 27. Rd2 Ref8 28. Ree2 h5 29. Kc3 h4 30. Kd4 Rg6 31. g3 Rg4 32. Re3 hxg3
33. fxg3 Rd8+ 34. Kc3 Rxd2 35. Kxd2 Kf7 36. Rc3 Rg5 37. Rc4 Rh5 38. h4 g5 39.
Rxe4 gxh4 40. Rxh4 Rg5 41. Rh7+ Kf6 42. Rxa7 Rxg3 43. Rb7 Rg2+ 44. Kc3 Rg3+ 45.
Kb2 e5 46. Rxb6+ Kf5 47. Rb8 e4 48. Re8 Kf4 49. a4 Kf3 50. a5 e3 51. a6 Rg7 52.
b4 e2 53. b5 Rg4 54. Kc3 Ra4 55. Kd3 Ra3+ 56. c3 Ra2 57. Re3+ Kf2 58. Rxe2+
Rxe2 59. b6 Re3+ 60. Kd4 Re6 61. b7 1-0

[Event "Nancy-B"]
[Site "?"]
[Date "2014.03.07"]
[Round "5"]
[White "Adrian, C."]
[Black "Barbot, P."]
[Result "1/2-1/2"]
[WhiteElo "2239"]
[BlackElo "2413"]
[PlyCount "134"]
[EventDate "2014.03.05"]
[SourceDate "2014.03.07"]

1. d4 Nf6 2. c4 g6 3. Nf3 Bg7 4. g3 d5 5. cxd5 Nxd5 6. Bg2 O-O 7. O-O c5 8.
dxc5 Na6 9. Ng5 e6 10. Nc3 Nxc3 11. bxc3 Nxc5 12. Qxd8 Rxd8 13. Ba3 Na4 14.
Rad1 Rd7 15. Ne4 Nxc3 16. Nxc3 Bxc3 17. Rxd7 Bxd7 18. Rc1 Be5 19. Bxb7 Rb8 20.
Bc6 Bxc6 21. Rxc6 Rb1+ 22. Kg2 h5 23. h4 Bd4 24. Rc8+ Kg7 25. Bc5 Bxc5 26. Rxc5
Rb2 27. Ra5 Rxe2 28. Rxa7 Kf6 29. a4 Ra2 30. a5 e5 31. Kf3 Ke6 32. a6 Ra3+ 33.
Ke2 e4 34. Ra8 Ra2+ 35. Ke3 Ke5 36. Re8+ Kf5 37. Ra8 Ra3+ 38. Ke2 Ra2+ 39. Ke3
Ra4 40. Rf8 Ra3+ 41. Ke2 Kf6 42. Ra8 Ke6 43. Re8+ Kf5 44. Rf8 f6 45. Ra8 Kg4
46. a7 Ra2+ 47. Ke3 f5 48. Rg8 Rxa7 49. Rxg6+ Kh3 50. Kf4 Re7 51. Kxf5 Kg2 52.
Kf6 Re8 53. Kf7 Ra8 54. Rf6 Ra2 55. Kg6 Rxf2 56. Re6 Kf3 57. Kxh5 Rg2 58. Kg5
Rxg3+ 59. Kf5 e3 60. h5 Rh3 61. h6 e2 62. Kg6 Kf2 63. h7 Rg3+ 64. Kf7 Rf3+ 65.
Kg7 Rg3+ 66. Kf7 Rf3+ 67. Kg7 Rg3+ 1/2-1/2

[Event "Nancy-B"]
[Site "?"]
[Date "2014.03.07"]
[Round "5"]
[White "Welling, G."]
[Black "Geller, J."]
[Result "1-0"]
[WhiteElo "2339"]
[BlackElo "2548"]
[Annotator "SR"]
[PlyCount "143"]
[EventDate "2014.03.05"]
[SourceDate "2014.03.07"]

1. d4 d5 2. Nf3 Nf6 3. c3 Bf5 4. Qb3 Qc8 5. Bf4 e6 6. e3 h6 7. h3 Be7 8. c4 O-O
9. Nc3 c6 10. Be2 Nbd7 11. Rc1 a6 12. O-O Re8 13. cxd5 exd5 14. Ne5 Bf8 15. Bf3
Be6 16. Nxd7 Qxd7 17. Na4 Rad8 18. Qb6 Ne4 19. Rfd1 Bf5 20. Qc7 Ng5 21. Be2
Bxh3 $1 22. Qxd7 (22. gxh3 Nxh3+ 23. Kf1 Qf5 $1 $19) 22... Bxd7 23. Bc7 Rc8 24.
Bh2 Rcd8 25. Nb6 Ne6 (25... Re7 26. Bc7 Rde8 27. Bd6) 26. Bg4 Bc8 27. Rd3 Bd6
28. Bxd6 Rxd6 29. Rb3 Bd7 30. Bxe6 Bxe6 31. Na4 Bc8 32. Nb6 Bf5 33. Na4 Re7 34.
Nc5 Bc8 35. Rb6 f5 36. Rc3 f4 37. exf4 Rf6 38. Re3 Rff7 39. g3 g5 40. fxg5 hxg5
41. Rbb3 Kg7 42. a4 Rxe3 43. Rxe3 b6 44. Nd3 a5 45. Ne5 Rc7 46. Rb3 c5 47. Rxb6
cxd4 48. Rg6+ Kh7 49. Rxg5 Rc1+ 50. Kg2 Ba6 51. Nf3 Bf1+ 52. Kh2 d3 53. Rxd5
Be2 54. Kg2 Bf1+ 55. Kh2 Be2 56. Ne5 Rd1 57. Kg2 Kg7 58. g4 Kf6 59. f4 Ke6 60.
Rd8 Ke7 61. Rd4 Ke6 62. Kf2 Rh1 63. Ke3 Rh3+ 64. Kd2 Rh8 65. g5 Bf1 66. Ke1 Be2
67. g6 Kf5 68. g7 Rg8 69. Nxd3 Bxd3 70. Rxd3 Rxg7 71. Rd5+ Kxf4 72. Rxa5 {puis
gain au 107ème coup.} 1-0

[Event "Nancy-A"]
[Site "Nancy"]
[Date "2014.03.07"]
[Round "6.1"]
[White "Demuth, Adrien"]
[Black "Solodovnichenko, Yuri"]
[Result "1/2-1/2"]
[WhiteElo "2488"]
[BlackElo "2586"]
[PlyCount "63"]
[EventDate "2014.03.05"]

1. Nf3 d6 2. d4 g6 3. c4 Bg7 4. Nc3 Bg4 5. e3 c5 6. Be2 cxd4 7. exd4 Nc6 8. O-O
Nh6 9. d5 Bxf3 10. Bxf3 Ne5 11. Be2 Nf5 12. Bd2 Rc8 13. b3 h5 14. Rc1 Bh6 (
14... Qb6 15. Ne4 O-O 16. Bc3 Nd7 17. Bd3 Bd4 18. Ng5 Bxc3 19. Bxf5 Bf6 20.
Nxf7 gxf5 21. Nh6+ Kg7 22. Qxh5 Rh8 23. Nxf5+ Kf8 24. Qe2 Ke8 25. Kh1 Kd8 26.
f4 Kc7 27. g4 Rce8 28. g5 Bd4 29. b4 Kb8 30. Qd2 Be5 31. fxe5 Nxe5 32. Rf4 Rh3
33. Rcf1 Reh8 34. Nh6 {1-0 Damljanovic,B (2583)-Felgaer,R (2587)/Andorra 2004/
CBM 101 ext (50)}) 15. Bxh6 Nxh6 16. Qd2 Nf5 17. Bd3 Nxd3 18. Qxd3 Qb6 19. Rcd1
a6 20. Rfe1 Qa5 21. Re4 O-O 22. Rde1 b5 23. h3 bxc4 24. bxc4 h4 25. Rg4 Rc7 26.
Re3 Nxe3 27. Rxg6+ fxg6 28. Qxg6+ Kh8 29. Qh6+ Kg8 30. Qg6+ Kh8 31. Qh6+ Kg8
32. Qg6+ 1/2-1/2

[Event "Nancy-A"]
[Site "Nancy"]
[Date "2014.03.07"]
[Round "6.2"]
[White "Bukavshin, Ivan"]
[Black "Nezar, Mustapha"]
[Result "1-0"]
[WhiteElo "2593"]
[BlackElo "2392"]
[Annotator "SR"]
[PlyCount "95"]
[EventDate "2014.03.05"]

1. d4 d5 2. c4 c6 3. Nc3 Nf6 4. Nf3 dxc4 5. a4 Bf5 6. Nh4 Bg4 7. h3 Bh5 8. g4
Bg6 9. Nxg6 hxg6 10. e3 e6 11. Bxc4 a5 12. g5 Nd5 13. h4 Nd7 14. Qf3 N7b6 15.
Bb3 Nb4 16. Kf1 Qd7 17. Ne4 Nd3 18. Bd2 Bb4 19. Bc3 Bf8 20. Rd1 Nb4 21. h5 Rxh5
22. Rxh5 gxh5 23. Qxh5 N6d5 24. Nc5 Qe7 25. g6 b6 26. Bxb4 axb4 27. Nd3 f6 28.
Rc1 Qd7 29. e4 $2 Nc7 30. Qf3 Be7 31. Nf4 (31. e5 $1 Nd5 32. Qh3 O-O-O 33. Bxd5
Qxd5 (33... exd5 34. Rxc6+) 34. Nf4 $18) 31... O-O-O 32. d5 $2 (32. a5 $1)
32... exd5 33. Bxd5 Bc5 34. Bb3 Kb7 {l'avantage blanc s'est évaporé.} 35. a5
Bd6 36. axb6 Bxf4 37. Rd1 Bd6 38. e5 $5 {ouvre la grande diagonale pour
atteindre le Roi noir.} fxe5 39. bxc7 Qxc7 40. Rc1 Rf8 41. Bf7 Qb6 42. Kg2 Kc7
43. Qe4 Rh8 (43... Qb5 44. Bd5 Rf4 $11) 44. Bd5 {La présence des Fous de
couleurs opposées décuple les chances d'attaque.} c5 45. Qf5 Rf8 46. Qe6 Rf6 $2
{En zeitnot depuis déjà longtemps, les Noirs craquent finalement, dans une
position équilibrée.} (46... Rf4 $11) 47. Qxf6 $1 gxf6 48. g7 1-0

[Event "Nancy-A"]
[Site "Nancy"]
[Date "2014.03.07"]
[Round "6.3"]
[White "Istratescu, Andrei"]
[Black "Donchenko, Alexander"]
[Result "1-0"]
[WhiteElo "2672"]
[BlackElo "2463"]
[PlyCount "151"]
[EventDate "2014.03.05"]

1. d4 d5 2. c4 dxc4 3. e3 e6 4. Bxc4 c5 5. Nf3 Nf6 6. O-O a6 7. Bb3 Nc6 8. Nc3
b5 9. Qe2 Bb7 10. Rd1 Na5 11. Bc2 Qb8 12. a3 Nc6 13. Ne4 Nxe4 14. Bxe4 Nd8 15.
Bxb7 Qxb7 16. dxc5 Bxc5 17. b4 Be7 18. Bb2 f6 19. Nd4 O-O 20. Qg4 Kf7 21. Rd3
f5 22. Qg3 Bf6 23. Rc3 Kg8 24. Rac1 Rf7 25. h3 Qb8 26. Qf3 Qb7 27. Qe2 Rd7 28.
R3c2 Qd5 29. Rc5 Qd6 30. Nf3 Raa7 31. Be5 Qd3 32. Qb2 Kf7 33. Bd4 Rab7 34. Rc8
Qe4 35. Bxf6 gxf6 36. Nd4 Qe5 37. Qc2 Rb8 38. Rc5 Qe4 39. Qxe4 fxe4 40. g4 Rbb7
41. Kg2 Ra7 42. Rc8 Kg6 43. Rb8 Rab7 44. Ra8 Ra7 45. Rac8 h5 46. Kg3 hxg4 47.
hxg4 Rd6 48. Rh1 Rh7 49. Rxh7 Kxh7 50. Nb3 Nf7 51. Nc5 Ng5 52. Ra8 Rd1 53. Rxa6
e5 54. Kg2 Kg6 55. Rb6 Ra1 56. Rxb5 Rxa3 57. Ra5 Rc3 58. Ra1 Rc2 59. Rb1 f5 60.
Nd7 fxg4 61. b5 Kf5 62. b6 Nh3 63. Nxe5 $1 Rxf2+ 64. Kg3 Kxe5 65. b7 Rf3+ 66.
Kh4 Rf8 67. b8=Q+ Rxb8 68. Rxb8 Nf2 69. Rb5+ Ke6 70. Kg3 Nd1 71. Kf4 g3 72. Rc5
Kf6 73. Rc6+ Kf7 74. Rc1 Nf2 75. Kxg3 Nd3 76. Rc4 1-0

[Event "Nancy-A"]
[Site "Nancy"]
[Date "2014.03.07"]
[Round "6.4"]
[White "Sochacki, Christophe"]
[Black "Brunner, Nicolas"]
[Result "1-0"]
[WhiteElo "2436"]
[BlackElo "2449"]
[PlyCount "117"]
[EventDate "2014.03.05"]

1. e4 c5 2. Nf3 d6 3. d4 cxd4 4. Qxd4 a6 5. h3 Nc6 6. Qe3 g6 7. c4 Bg7 8. Be2
Nf6 9. Nc3 O-O 10. O-O Nd7 11. Rb1 Qb6 12. Nd5 Qxe3 13. Bxe3 Nf6 14. Nd2 Nxd5
15. cxd5 Nd4 16. Bd3 Bd7 17. Rfc1 Rac8 18. Nc4 Bb5 19. b3 f5 20. f3 fxe4 21.
fxe4 Rc7 22. a4 Be8 23. Na5 Rxc1+ 24. Rxc1 b6 25. Nc6 Nxb3 26. Rb1 Bxc6 27.
dxc6 Nd4 28. Bc4+ e6 29. Bxd4 Bxd4+ 30. Kh1 d5 31. exd5 exd5 32. Bxd5+ Kg7 33.
Re1 Bc5 34. g4 b5 35. axb5 axb5 36. Be6 Bb6 37. Rb1 Re8 38. Rxb5 Rxe6 39. Rxb6
Kh6 40. Kg2 Re2+ 41. Kf3 Rc2 42. h4 Rc4 43. Kg3 Rc1 44. Kf4 Rc4+ 45. Ke5 Rxg4
46. c7 Rc4 47. Kd6 Rxc7 48. Kxc7 Kh5 49. Rb4 g5 50. hxg5 Kxg5 51. Kd6 h5 52.
Ke5 h4 53. Ke4 Kg4 54. Rb8 Kg3 55. Ke3 h3 56. Rg8+ Kh2 57. Kf2 Kh1 58. Rg1+ Kh2
59. Rg3 1-0

[Event "Nancy-A"]
[Site "Nancy"]
[Date "2014.03.07"]
[Round "6.5"]
[White "Genzling, Alain"]
[Black "Rindlisbacher, Lars"]
[Result "0-1"]
[WhiteElo "2405"]
[BlackElo "2320"]
[PlyCount "70"]
[EventDate "2014.03.05"]

1. d4 Nf6 2. Bg5 e6 3. e4 h6 4. Bxf6 Qxf6 5. c3 d6 6. Bd3 g6 7. Ne2 Bg7 8. O-O
e5 9. f4 Qe7 10. f5 Nd7 11. Nd2 Nf6 12. Qa4+ c6 13. Rf3 O-O 14. Raf1 Kh7 15.
Qc2 Bd7 16. Rg3 Rae8 17. dxe5 dxe5 18. Rgf3 h5 19. h3 Bh6 20. b4 c5 21. Kh1 Rd8
22. bxc5 gxf5 (22... g5 $17) 23. Nb3 Kh8 24. Rxf5 Bxf5 25. Rxf5 Rg8 26. Rf3 h4
27. c4 Nh5 28. Nc3 Rg3 29. Nd5 Qg5 30. Rf5 Qg6 (30... Rxh3+ 31. gxh3 Ng3+ $19)
31. Ne7 {Diagramme.} Rgxd3 $1 32. Nxg6+ fxg6 33. Rxh5 gxh5 34. Kg1 Rd1+ 35. Kf2
R8d2+ 0-1

[Event "Nancy-B"]
[Site "Nancy"]
[Date "2014.03.07"]
[Round "6.1"]
[White "Camacho Collados, Jose"]
[Black "Barbot, Pierre"]
[Result "1-0"]
[WhiteElo "2393"]
[BlackElo "2413"]
[PlyCount "57"]
[EventDate "2014.03.05"]

1. Nf3 c5 2. c3 Nf6 3. d4 cxd4 4. cxd4 d5 5. Nc3 Nc6 6. g3 Bf5 7. Bg2 e6 8. Qb3
a6 9. O-O Na5 10. Qd1 b5 11. Nh4 Bg4 12. h3 Bh5 13. g4 Bg6 14. Nxg6 hxg6 15. g5
Nd7 16. e4 dxe4 17. d5 e5 18. Nxe4 Rc8 19. d6 Qb6 20. Be3 Qb8 21. Qd5 Nc4 22.
b3 Ncb6 23. Bxb6 Qxb6 24. Rac1 Rd8 25. Rc6 Qa7 26. Re1 Rh4 27. Nc5 Bxd6 28.
Rxd6 Qxc5 29. Rxe5+ 1-0